|
|
|
|
| LEADER |
00673cam a2200193 7i4500 |
| 001 |
0000067150 |
| 005 |
20140604090000.0 |
| 008 |
070330s2008 xxu 000 0 eng d |
| 020 |
# |
0 |
|a 9780749451059
|
| 090 |
0 |
0 |
|a HD 62.5
|b .M67 2008
|
| 100 |
1 |
# |
|a Morris, M.J. (Micheal John)
|
| 245 |
0 |
0 |
|a Starting a successful business :
|b start up and grow your own company
|c Michael Morris.
|
| 260 |
# |
# |
|a London:
|b Kogan Page,
|c 2008.
|
| 300 |
# |
# |
|a vii, 184 p.:
|b ill.;
|c 24 cm.
|
| 504 |
0 |
0 |
|a Includes index
|
| 590 |
# |
# |
|a Pusat Pengajian Perniagaan dan Pengurusan Maritim
|
| 650 |
0 |
0 |
|a Entrepreneurship
|
| 650 |
0 |
0 |
|a New business enterprise
|
| 999 |
|
|
|a 1100062279
|b Book
|c Open Shelf
|e KOLEKSI TERBUKA
|